Christmas Island vs Easter Island - Statistics

General Stats
  • This quiz has been taken 23 times
  • The average score is 6 of 8
Answer Stats
Question Answer % Correct
The capital city is named after the ship: HMS Flying Fish Christmas Island
100%
Famous for its giant stone statues Easter Island
100%
Phosphate has been mined on the island since 1899 Christmas Island
92%
An annual red crab migration takes place here Christmas Island
85%
Often referred to as "The Galapagos of the Indian Ocean" Christmas Island
77%
Island is known as "Rapa Nui" to the natives Easter Island
69%
The population is under 10,000 people Both
62%
Has the territory's silhouette on its flag Christmas Island
62%
No matching quizzes found
Score Distribution
Percent of People with Each Score
Percentile by Number Answered
Your Score History
You have not taken this quiz